000 01084cam a2200313 i 4500
001 24478
003 Mx-PuUPA
005 20251015141231.0
008 140415s2006 ne fr 000 0 eng d
020 _a905892114X
020 _a9789058921147
040 _aMx-PuUPA
_bspa
_cMx-PuUPA
_dMx-PuUPA
_erda
041 0 _aeng
100 1 _aKole, Erik,
_d1978-
_eautor
_917520
245 1 0 _aOn crises, crashes and comovements /
_cErik Kole
264 1 _aRóterdam :
_bErasmus Research Institute of Management (ERIM),
_c©2006
300 _a191 páginas :
_bdiagramas, tablas, ecuaciones, fórmulas ;
_c24 cm
336 _2rdacontent
_atexto
_btxt
337 _2rdamedia
_asin medio
_bn
338 _2rdacarrier
_avolumen
_bnc
490 0 _aResearch in Management ;
_v83
650 7 _2armarc
_aTesis y disertaciones académicas
650 7 _2armarc
_aTesis
650 7 _2armarc
_aConferencias
942 _2ddc
_cLI
_h808.066378
_iK85
999 _c24478
_d24478